Macroeconomía en la economía global
Salvato in:
| Autore principale: | |
|---|---|
| Altri autori: | |
| Natura: | Libro |
| Lingua: | spagnolo |
| Pubblicazione: |
Ciudad de México
Prentice-Hall Hispanoamericana
1994
|
| Edizione: | 1a. ed |
| Soggetti: | |
| Tags: |
Aggiungi Tag
Nessun Tag, puoi essere il primo ad aggiungerne!!
|
MARC
| LEADER | 00000cam a2200000 a 4500 | ||
|---|---|---|---|
| 001 | UCY0235 | ||
| 003 | CL-VaPUC | ||
| 008 | 940719e19940000MX |||||||||||||||||spa|d | ||
| 020 | |a 9688802891 | ||
| 082 | 0 | 4 | |a 339 |b SAC |2 21 |
| 100 | 0 | |a Sachs, Jeffrey D |e author |9 327868 | |
| 700 | |a Larraín Bascuñán, Felipe |e autor |9 588048 | ||
| 245 | 1 | 0 | |a Macroeconomía en la economía global |
| 250 | |a 1a. ed | ||
| 300 | |a 789 p | ||
| 942 | |c BK | ||
| 945 | |d 19940719 00:00:00 |a mfernand | ||
| 260 | |a Ciudad de México |b Prentice-Hall Hispanoamericana |c 1994 | ||
| 650 | 0 | |a Macroeconomía |9 260301 | |
| 583 | |a last modification |c 20180315 09:37:35 |k Rodrigo Vera | ||
| 999 | |c 229283 |d 229281 | ||
| 952 | |0 0 |1 0 |4 0 |6 339_000000000000000_SAC_1994 |7 0 |8 A |9 230190 |a BIBGIM |b BIBGIM |d 2019-11-15 |i 3016374 |o 339 SAC 1994 |p 3016374 |r 2025-01-15 |w 2019-11-15 |y BK |k COM | ||
| 952 | |0 0 |1 0 |4 0 |6 339_000000000000000_SAC_1994 |7 0 |8 A |9 230192 |a BIBGIM |b BIBGIM |d 2019-11-15 |i 3414396 |o 339 SAC 1994 |p 3414396 |r 2025-01-15 |w 2019-11-15 |y BK |k GIM | ||
| 952 | |0 0 |1 0 |4 0 |6 339_000000000000000_SAC_1994 |7 0 |8 CCM |9 230193 |a BIBCUR |b BIBCUR |d 2019-11-15 |i 378312K |l 1 |o 339 SAC 1994 |p 378312K |r 2025-04-22 |s 2023-11-17 |w 2019-11-15 |y BK |k CIM | ||
| 952 | |0 0 |1 0 |4 0 |6 339_000000000000000_SAC_1994 |7 0 |8 CCM |9 230194 |a BIBCUR |b BIBCUR |d 2019-11-15 |i 3783138 |l 1 |o 339 SAC 1994 |p 3783138 |r 2025-04-22 |s 2023-05-09 |w 2019-11-15 |y BK |k CIM | ||
| 952 | |0 0 |1 0 |3 erb |4 0 |6 339_000000000000000_SAC_1994 |7 0 |8 A |9 230195 |a BIBING |b BIBING |i 5457084 |o 339 SAC 1994 |p 5457084 |r 2025-01-20 |w 2019-11-15 |y BK |z Catalogado en:20180316 |k CCL | ||